00444nam a2200145Ia 4500008004100000020001800041082001500059100002400074245001700098260002300115500000900138942000700147952012900154999001500283260604s9999 xx 000 0 und d a9780143420903 a823.92 Dat aDurjoy datta935954 0aHold my Hand bPenguin Metro Read aHand cBK 00104070aIIMVbIIMVcGENERALd2026-06-04g299.00l0o823.92 Datp004413r2026-06-04 10:21:40v299.00w2026-06-04yBKBDAT c8795d8795